Opatrenia ČĽR v monetárnej a fiškálnej politike ako reakcia na finančnú krízu

Opatrenia ČĽR v monetárnej a fiškálnej politike ako reakcia na finančnú krízu. Menová politika PBC (People`s Bank of China). Reakcia peňažného agregátu M1 na aktivity centrálnej banky. Peňažný transmisný mechanizmus.

Salvato in:
Dettagli Bibliografici
Autore principale: Šturc, Boris, 1961-
Altri autori: Homolová, Simona
Natura: Capitolo di libro
Lingua:slovacco
Soggetti:
Tags: Aggiungi Tag
Nessun Tag, puoi essere il primo ad aggiungerne!!

MARC

LEADER 00000nla a2200000 4500
001 0174125
005 20240502072952.6
041 0 |a slo 
044 |a SK 
245 1 0 |a Opatrenia ČĽR v monetárnej a fiškálnej politike ako reakcia na finančnú krízu  |c Boris Šturc, Simona Homolová 
520 |a Opatrenia ČĽR v monetárnej a fiškálnej politike ako reakcia na finančnú krízu. Menová politika PBC (People`s Bank of China). Reakcia peňažného agregátu M1 na aktivity centrálnej banky. Peňažný transmisný mechanizmus. 
610 2 0 |a politika menová 
610 2 0 |a Čína 
610 2 0 |a politika fiškálna 
610 2 0 |a kríza finančná 
610 2 0 |a bankovníctvo 
100 1 |a Šturc, Boris, 1961- 
700 1 |a Homolová, Simona